000 01267nam a2200349 c 4500
003 BLK
005 20250702093649.0
008 180409b bul|||||r ||||||| ||bul||
010 _aKNG00144339000
020 _a978-954-26-1228-5
_bиздат.: Хермес
040 _aBLK
041 _aBUL
_cBUL
072 7 _2bullib
_aН8301
_xТрилъри Н
080 _aПортугалска литература
_b821.134.3
_x-312.4
_z821.134.3-312.4
100 1 _aСантуш, Жозе Родригеш душ
_eпърви автор
_9266382
139 _aСантуш, Жозе Родригеш душ
_bС 18
245 1 0 _aПоследната тайна
_bРоман
_cЖозе Родригеш душ Сантуш.
257 _aPG
260 София
_bХермес
_c2013
_fХасково : Полигрфюг
300 _a432 с.
_c21 см
380 _aX
500 _aОриг. загл. O ultimo segredo / Jose Rodrigues dos Santos.
653 _aтрилъри
653 _aромани
659 _aН
852 _aЦб 260119
856 4 _qpdf
_u
856 4 _qpdf
_u
942 _cKNG
_n0
_048
944 _aCR
_c24.06.2013
_lМинев Младен
_k30530
944 _aED
_c04.12.2014
_lф /
_kЛюдмила_Стоянова
999 _c138350
_d138350